[Event "Condigne Dutch Open 2018"]
[Site "Dieren"]
[Date "2018.08.02"]
[Round "9"]
[White "Van Foreest, Lucas"]
[Black "Ikonnikov, Vyacheslav"]
[Result "1-0"]
[WhiteElo "2488"]
[BlackElo "2536"]
[Annotator "TA"]
[PlyCount "105"]
[EventDate "2018.07.24"]
[EventType "swiss"]
[EventCountry "NED"]
[SourceTitle "playchess.com"]
[Source "ChessBase"]
[SourceQuality "1"]

{[%evp 9,105,51,61,41,41,26,27,20,56,23,62,24,68,26,24,2,6,0,0,24,35,13,53,55,61,51,61,68,57,0,28,-7,35,63,216,225,207,220,329,317,318,294,370,365,388,381,377,334,383,365,454,345,516,513,510,506,526,517,492,407,423,314,436,458,448,438,536,547,665,497,763,751,709,708,656,652,654,643,652,635,5094,5214,2396,2042,6522,1433,29985,29986,29988,29989,29990,29991,29991,29992,29992,29993,29994,29995]} 1. e4 c5 2. Nf3 a6 3. c3 d6 4. d4 Nf6 5. Bd3 Bg4 (5... cxd4 6. cxd4 e5 7. O-O Nbd7 8. Nc3 Be7 9. Re1 O-O 10. h3 b5 11. a4 b4 12. Ne2 d5 13. dxe5 dxe4 14. exf6 Nxf6 {0-1 (41) Pikula,D (2470)-Plenkovic,Z (2403) Mali Losinj 2018}) 6. O-O {B28: Sizilianisch (Frühes a7-a6)} e6 7. Be3 Be7 $146 ({Vorgänger:} 7... Nc6 8. Nbd2 Be7 9. Re1 O-O 10. Qc2 cxd4 11. Nxd4 {0-1 (43) Massironi,M (2156)-Dmitriev,I (2361) St Petersburg 2010}) 8. Nbd2 {Weiß hat minimalen Vorteil.} Nbd7 9. a4 Qc7 10. Re1 Bh5 11. a5 O-O 12. Nf1 cxd4 13. cxd4 d5 14. e5 Ne4 15. Qb1 Bg6 16. Rc1 $36 {[%mdl 2048] Weiss kämpft um Vorteil.} Qd8 17. Ne1 Bg5 18. Bxg5 Nxg5 19. h4 Ne4 20. g3 f5 21. f3 Nxg3 $2 (21... Nb8 $14) 22. Nxg3 $18 Qxh4 23. Ne2 Qh3 (23... Rfc8 $142 24. Ng2 Qg5) 24. Rc7 Rf7 25. Qc1 (25. Rxb7 Bh5 $16) 25... Bh5 26. Qf4 g5 27. Qg3 Qxg3+ 28. Nxg3 Bg6 29. Rac1 h5 30. Ne2 h4 (30... Nf8 {war nötig.} 31. Rxf7 Bxf7) 31. f4 g4 32. Ng2 h3 33. Nh4 Nf8 34. Kh2 Rb8 35. Kg3 Bh7 36. Rc8 Rxc8 37. Rxc8 Re7 38. Nc3 Kg7 {[#]} 39. Nxd5 $1 {[%mdl 512]} Rd7 (39... exd5 $142 40. Nxf5+ Bxf5 41. Bxf5 Ne6 42. Bxg4 (42. Bxe6 Rxe6 43. Rc1 Rc6 $16) 42... Nxd4 43. Bxh3 Nc6) 40. Ne3 Rxd4 {[#]} 41. Bxf5 $1 {[%mdl 512]} h2 (41... exf5 42. Nhxf5+) 42. Rc1 Rd2 43. Bxh7 Kxh7 44. Nxg4 Rxb2 45. Rc7+ Kh8 46. Nxh2 Ra2 47. Rxb7 Rxa5 48. Ng4 {Weiß setzt Matt.} Ra3+ 49. Nf3 Nh7 50. Nf6 Nxf6 51. exf6 Kg8 52. Kg4 Ra1 53. Ng5 {Precision: Weiß = 53%, Schwarz = 32%.} 1-0

[Event "Condigne Dutch Open 2018"]
[Site "Dieren"]
[Date "2018.08.02"]
[Round "9"]
[White "Leenhouts, Koen"]
[Black "Rajesh, V A V"]
[Result "0-1"]
[WhiteElo "2483"]
[BlackElo "2309"]
[Annotator "TA"]
[PlyCount "180"]
[EventDate "2018.07.24"]
[EventType "swiss"]
[EventCountry "NED"]
[SourceTitle "playchess.com"]
[Source "ChessBase"]
[SourceQuality "1"]

{[%evp 19,180,20,11,10,23,9,14,0,1,0,0,-21,14,9,30,39,33,36,51,0,0,-225,-29,-29,-33,-27,-27,-42,-35,-47,-29,-31,0,0,0,0,0,-13,-13,-12,-6,-3,-3,-16,-8,-8,0,-79,0,0,0,0,0,-11,-12,-72,-72,-72,-72,-50,-66,-81,-87,-196,-195,-349,-339,-275,-280,-377,-343,-359,-375,-388,-413,-398,-391,-551,-571,-562,-562,-549,-545,-525,-510,-395,-377,-364,-358,-364,-373,-462,-204,-291,-264,-294,-235,-483,-401,-312,-389,-567,-340,-545,-512,-565,-556,-535,-528,-474,-367,-698,-446,-1313,-1573,-1362,-1085,-5385,-720,-1929,-1755,-2647,-2366,-2208,-1895,-1687,-1106,-29978,-29980,-29962,-4606,-5497,-756,-29988,-10318,-7777,-9483,-5919,-5700,-29956,-5505,-3702,-2586,-29979,-29980,-29980,-29981,-29979,-2037,-29971,-29972,-29972,-29973,-29983,-29984,-29984,-29985,-29984,-29985,-29989,-29990,-29993,-29990]} 1. e4 e5 2. Nf3 Nc6 3. Bb5 a6 4. Ba4 d6 5. O-O Bd7 6. c3 g6 7. d4 Bg7 8. Re1 Nf6 9. dxe5 {C79: Ruy Lopez: Steinitz-type lines with 3...a6 4 Ba4 Nf6 5 0-0 d6} (9. Bxc6 Bxc6 10. dxe5 Nxe4 11. exd6 O-O 12. dxc7 Qxc7 13. Be3 Rad8 14. Nd4 Be5 15. h3 Bh2+ 16. Kh1 Bf4 {½-½ (60) Kasimdzhanov,R (2683)-Mamedyarov,S (2799) Riadh 2017}) 9... Nxe5 10. Nxe5 dxe5 {LiveBook: 6 Games} 11. Bb3 $146 {The position is equal.} ({Predecessor:} 11. Bxd7+ Qxd7 12. Qxd7+ Nxd7 13. Be3 f5 14. f3 O-O-O 15. Nd2 Nf6 16. Nc4 fxe4 17. Nxe5 {½-½ (91) Smeets,J (2647)-Sokolov,I (2645) playchess.com INT 2011}) 11... O-O 12. Nd2 Qe7 13. Nc4 Be6 14. Bg5 {[%cal Bc1g5,Bg5h4,Bh4g3][%mdl 32]} h6 15. Bh4 Qc5 16. Ne3 g5 {White must now prevent ...Rad8.} 17. Bxe6 fxe6 18. Bg3 Nxe4 19. Qb3 ({Better is} 19. Qh5 $14) 19... Qc6 $11 20. Ng4 $2 (20. Qc2 $11) 20... Nc5 $2 (20... h5 $19 21. Nxe5 Bxe5 22. Bxe5 Rxf2) 21. Qc4 $1 b5 22. Qe2 e4 $1 23. b4 Nd3 24. Qxe4 Qxe4 25. Rxe4 h5 26. Ne5 $1 {[%cal Re5d3]} Bxe5 27. Bxe5 Rxf2 28. Bg3 Rc2 29. Rxe6 h4 30. Bxc7 Rc8 31. Bd6 R2xc3 32. Rf1 R3c6 $36 {[%mdl 2048] Black fights for an advantage.} 33. Ref6 (33. Rg6+ $11 Kh7 34. Re6) 33... Rd8 (33... Nf4 $1 $17 34. Be5 Rxf6 35. Bxf6 Rf8) 34. Be7 Rxf6 35. Bxf6 {[%mdl 4096] Endgame KRB-KRN} Rd5 36. Bc3 Nf4 37. Re1 (37. Rf3 $11 {keeps the balance.}) 37... Rd3 $17 38. Be5 Nd5 $1 39. Bd6 Kf7 40. Bc5 Rd2 41. Ra1 (41. Rf1+ $17 Kg6 42. Rf2 Rd1+ 43. Rf1) 41... Nf4 $19 42. Bf2 $2 {[#]} (42. g4) 42... h3 $1 43. g4 Nd3 44. Bg3 Rg2+ 45. Kf1 Nxb4 46. Rd1 Rxa2 47. Rd7+ Ke8 48. Rg7 (48. Rd6 $142) 48... Nc6 49. Rg8+ Kf7 50. Rxg5 b4 51. Rf5+ Ke8 52. Rf3 Nd4 53. Re3+ Kf7 54. Be5 Nc6 55. Bd6 Rd2 (55... a5 $142 {aiming for ...a4.} 56. Rxh3 a4 57. Rh7+ Kg6) 56. Rf3+ (56. Bxb4 $142 Nxb4 57. Rxh3) 56... Kg6 57. Bf4 Rd4 58. Be3 $2 (58. Ke2) 58... Rxg4 59. Rxh3 {Rh6+ is the strong threat.} Rc4 60. Ke2 (60. Rh6+ {keeps fighting.} Kf7 61. Ke2) 60... a5 {[%cal Ba6a5,Ba5a4][%mdl 32]} 61. Bd2 $2 (61. Kd1) 61... a4 62. Kd1 b3 {Threatens to win with ...b2.} 63. Bc1 Nb4 64. Rg3+ Kh5 65. Rf3 $2 (65. Rg5+ Kh4 66. Rb5) 65... Na2 66. Rh3+ (66. Bb2 $142 Kg4 67. Rd3) 66... Kg4 67. Rg3+ Kf5 68. Rf3+ Ke6 (68... Ke4 $142 69. Rf4+ Kd5 70. Rxc4 Kxc4) 69. Re3+ Kd5 70. Bb2 Rc2 71. Be5 Nb4 72. h4 Nc6 73. Bg7 Rg2 74. Bf6 Rf2 (74... Nd4 $142 75. Kc1 Rc2+ 76. Kb1 a3 77. Re1 Nf3 78. Rd1+ Nd2+ 79. Rxd2+ Rxd2 80. Kc1 Rf2 81. Bc3 Kc4 82. h5 Kxc3 83. Kd1 a2 84. Ke1 Rc2 85. h6 a1=Q#) 75. Bg7 Rh2 (75... Nd4 $142 76. Re8 b2 77. Rd8+ Kc4 78. Rxd4+ Kc5) 76. Bf6 Kc4 (76... Nd4 $142 77. Kc1 Rc2+ 78. Kb1 a3 79. Re1 Nf3 80. Rd1+ Nd2+ 81. Rxd2+ Rxd2 82. Kc1 Rh2 83. h5 Ke4 84. Be7 a2 85. Bf6 Kd3 86. Bh8 {[#]} b2+ $1 {[%mdl 512]} 87. Bxb2 Rh1#) 77. Rc3+ Kb5 {( -> ...b2)} 78. Kc1 Na5 79. Rf3 Rh1+ (79... a3 $142 80. Rd3 Rh1+ 81. Rd1 b2+ 82. Bxb2 axb2+ 83. Kxb2 Rxd1 84. Kc3 Kc5 85. Kc2 Rd6 86. Kc3 Rd5 87. h5 Rxh5 88. Kd3 Re5 89. Kc3 Rd5 90. Kb2 Kb4 91. Ka2 Nc4 92. Kb1 Kb3 93. Kc1 Nb6 94. Kb1 Rd1#) 80. Kd2 Nc4+ 81. Kd3 Rd1+ 82. Ke2 Rd2+ 83. Ke1 Rh2 (83... b2 $142 84. Bxb2 Rxb2 85. h5 a3 86. Rxa3 Nxa3 87. Kf1 Rh2 88. Kg1 Rxh5 89. Kf2 Kc4 90. Kf3 Kd4 91. Kg4 Ra5 92. Kf4 Nc4 93. Kg3 Ne3 94. Kf2 Rf5+ 95. Kg1 Ke5 96. Kh2 Kf4 97. Kh1 Kg3 98. Kg1 Rf1#) 84. Rf5+ Kb4 {Black mates.} 85. Be7+ Kc3 86. Bf6+ Kd3 87. Rd5+ Ke3 {[%cal Rh2h1]} 88. Bg5+ Ke4 89. Rb5 b2 90. Kd1 Rh1+ {Precision: White = 29%, Black = 59%.} 0-1

[Event "Condigne Dutch Open 2018"]
[Site "Dieren"]
[Date "2018.08.02"]
[Round "9"]
[White "Beerdsen, Thomas"]
[Black "Shyaamnikhil P"]
[Result "1-0"]
[WhiteElo "2469"]
[BlackElo "2375"]
[Annotator "TA"]
[PlyCount "83"]
[EventDate "2018.07.24"]
[EventType "swiss"]
[EventCountry "NED"]
[SourceTitle "playchess.com"]
[Source "ChessBase"]
[SourceQuality "1"]

{[%evp 11,83,-55,-15,-21,-1,0,2,2,16,8,29,40,32,27,30,29,31,36,39,20,20,21,21,17,17,16,20,20,12,2,6,6,2,5,12,11,8,5,9,0,0,0,7,0,28,29,107,114,114,114,112,107,107,104,106,97,104,84,103,79,101,100,137,103,245,242,264,128,128,128,353,347,330,313]} 1. e4 c6 2. Nc3 d5 3. Qe2 (3. Nf3 g6 4. h3 Bg7 5. d4 dxe4 6. Nxe4 Nf6 7. Nxf6+ exf6 8. Bc4 O-O 9. O-O a5 10. a4 Nd7 11. Bf4 Nb6 12. Bb3 Nd5 13. Bh2 Be6 14. Re1 Re8 15. Nd2 f5 16. Nc4 f4 17. c3 {0-1 (42) Lu,S (2630)-Wei,Y (2734) Tianjin 2018}) 3... d4 4. Nd1 e5 5. d3 Bd6 6. g3 {B11: Caro-Kann: Two Knights Variation} h5 {LiveBook: 3 Games} 7. f4 h4 {White should prevent ...hxg3.} (7... Bg4 {looks sharper.} 8. Nf3 Nd7 9. Bg2 Qc7 10. f5 O-O-O) 8. Bg2 $146 {The position is equal.} ({Predecessor:} 8. fxe5 Bxe5 9. Nf2 Qd6 10. gxh4 Be6 {1-0 (44) Radzhabov,R (2302)-Frolov,I (2333) Chelyabinsk 2017}) 8... hxg3 9. hxg3 Rxh1 10. Bxh1 exf4 11. gxf4 Qh4+ 12. Nf2 Bxf4 13. Nf3 {[%cal Bg1f3,Bf3d4,Bd4f5][%mdl 32]} Qh6 14. Bxf4 Qxf4 15. Nxd4 c5 16. Nf5 Nc6 17. Qd2 ({But not} 17. Nxg7+ Kf8 $17) 17... Qxd2+ 18. Kxd2 g6 19. Nd6+ (19. Rg1 {seems wilder.} Nf6 20. Ne3 Be6 21. Nd5 Bxd5 22. exd5 Nb4 23. Ne4) 19... Ke7 20. Nxc8+ Rxc8 21. c3 Nf6 22. Bf3 Nd7 23. Ke3 Nde5 24. Be2 f5 25. exf5 gxf5 26. Rh1 b6 27. Rh6 Nf7 28. Rh5 Kf6 {[#]} (28... Nd6 $1 $11 {remains equal.}) 29. Rxf5+ $1 $16 {[%mdl 512]} Kxf5 30. Bg4+ Ke5 31. Bxc8 {[%mdl 4096] Endgame KBN-KNN} Ne7 32. Bb7 Kd6 33. Be4 Ne5 34. Kf4 b5 35. Nd1 a5 36. Ne3 a4 37. Nc2 c4 {[#]} (37... Nc8 $16 38. Na3 Na7) 38. d4 $1 $18 {[%cal Rd4e5]} Nd3+ {[#]} 39. Ke3 (39. Bxd3 $1 $18 {and the rest is easy.} cxd3 40. Ne3) 39... Nxb2 $16 40. Na3 b4 $2 (40... Nd5+ $16 41. Kd2 Nc7) 41. Nb5+ $18 Ke6 42. cxb4 {Precision: White = 61%, Black = 36%.} 1-0

[Event "Condigne Dutch Open 2018"]
[Site "Dieren"]
[Date "2018.08.02"]
[Round "9"]
[White "Lai, Hing Ting"]
[Black "Chanda, Sandipan"]
[Result "1/2-1/2"]
[WhiteElo "2447"]
[BlackElo "2548"]
[Annotator "TA"]
[PlyCount "85"]
[EventDate "2018.07.24"]
[EventType "swiss"]
[EventCountry "NED"]
[SourceTitle "playchess.com"]
[Source "ChessBase"]
[SourceQuality "1"]

{[%evp 13,85,23,32,13,18,14,14,14,19,0,3,-16,3,0,0,0,0,-11,0,0,20,-28,-20,-28,0,-25,-11,-26,-20,-30,0,0,0,0,0,0,38,0,0,16,22,25,241,226,258,233,276,268,286,286,280,276,272,294,285,257,354,357,796,279,260,122,243,149,134,53,53,53,55,0,0,0,0,0]} 1. d4 f5 2. Nc3 Nf6 3. Bg5 d5 4. e3 e6 5. Nf3 Be7 6. Bd3 O-O {A80: Dutch Defence: Unusual White second moves} 7. O-O h6 {LiveBook: 5 Games} (7... Ne4 8. Bxe7 Qxe7 9. Ne2 Nd6 10. Rc1 Nd7 11. c4 c6 12. Qb3 Kh8 13. Qa3 a5 14. Ne5 {½-½ (45) So,W (2770)-Carlsen,M (2855) Leuven 2016}) 8. Bh4 Nbd7 9. Ne2 {Black should prevent Nf4.} g5 10. Bg3 Nh5 11. Qd2 $146 ({Predecessor:} 11. Be5 c6 12. h3 Nxe5 13. Nxe5 Bd6 14. f4 {½-½ (41) Mchedlishvili,M (2586)-Kuzubov,Y (2667) Jerusalem 2015}) 11... Nxg3 12. Nxg3 Bd6 13. c4 c6 14. cxd5 cxd5 15. Rac1 Qf6 16. Rc2 Nb8 17. Rfc1 Nc6 18. a3 Bd7 19. Ne2 g4 20. Ne1 $1 f4 21. e4 Qg7 {With the idea ...f3.} 22. e5 $36 {[%mdl 2048] White fights for an advantage.} Be7 $1 {next ...f3 is good for Black.} 23. f3 h5 24. Bb5 gxf3 25. Bxc6 f2+ 26. Kxf2 Bh4+ 27. Kg1 {[#] Black must now prevent Bxd7.} Bxe1 $2 (27... Bxc6 $11 {and Black is okay.} 28. Nxf4 Bg5) 28. Rxe1 $18 f3 {[%csl Gf3][%cal Rg7g2]} 29. Nf4 Bxc6 30. Rf1 Qh6 31. Rxf3 Rf5 32. Qe3 Kh7 33. Rcf2 Raf8 34. g3 h4 35. g4 Qg5 $2 (35... R5f7 36. Qd3+ Kg8) 36. h3 $2 (36. Nxe6 Qxe3 37. Nxf8+ Rxf8 38. Rxe3) 36... Kh6 {[#]} 37. Kg2 ({But not} 37. Nxe6 $2 Qxe3 38. Rxe3 Rxf2 $19) (37. Kf1 $1 $18 {and the rest is easy.} R5f7 38. Ke1) 37... Ba4 (37... Bb5 $16 {keeps fighting.} 38. Qc1 (38. Nxe6 $2 Qxe3 39. gxf5 Rg8+ 40. Kh2 Qc1 $19) 38... Ba4) 38. Qc1 ({Not} 38. Nxe6 $2 Qxe3 39. gxf5 Rg8+ 40. Kh2 Qc1 $19) 38... Bb5 39. Ne2 (39. Qd2 $16) 39... Bxe2 $1 $14 40. Qxg5+ Kxg5 41. gxf5 (41. Rxf5+ $1 $14 exf5 42. Rxe2) 41... Bxf3+ $11 42. Rxf3 {And now f6 would win.} Rxf5 43. Rxf5+ {Precision: White = 42%, Black = 42%.} 1/2-1/2

[Event "Condigne Dutch Open 2018"]
[Site "Dieren"]
[Date "2018.08.02"]
[Round "9"]
[White "Himanshu, Sharma"]
[Black "Bartakke, Amardeep S"]
[Result "1/2-1/2"]
[WhiteElo "2420"]
[BlackElo "2066"]
[Annotator "TA"]
[PlyCount "95"]
[EventDate "2018.07.24"]
[EventType "swiss"]
[EventCountry "NED"]
[SourceTitle "playchess.com"]
[Source "ChessBase"]
[SourceQuality "1"]

{[%evp 27,95,25,29,6,14,0,14,4,41,28,39,30,41,33,54,44,58,42,23,33,48,0,37,32,48,39,52,39,31,29,34,0,0,-34,-4,-27,-37,-23,0,0,0,0,0,0,0,0,0,0,0,0,0,-29,0,0,0,0,0,0,0,0,0,0,0,0,0,0,0,0,0,0]} 1. e4 c5 2. Nc3 Nc6 3. Nge2 d6 4. d4 cxd4 5. Nxd4 Nf6 6. Bg5 e6 7. Qd2 a6 8. O-O-O Bd7 9. f3 b5 10. Nxc6 Bxc6 11. h4 Be7 12. Ne2 {B67: Sicilian: Richter-Rauzer: 7...a6 8 0-0-0 Bd7, lines without 9 f4 Be7} O-O 13. Nd4 Bb7 14. Bd3 Nd7 {LiveBook: 3 Games} 15. Rhe1 Rc8 {[#]} 16. g3 $146 ({Predecessor:} 16. Kb1 Nc5 17. Bf1 Qc7 18. Nb3 Nxb3 19. axb3 {½-½ (85) Lopez Martinez,J (2555)-Bregadze,L (2426) Barbera del Valles 2009}) 16... Ne5 17. Bf1 Nc4 18. Bxc4 bxc4 19. Bxe7 Qxe7 20. Qg5 Qc7 21. c3 $1 Qb6 22. Rd2 Rc5 23. Qe3 Rb8 24. Kd1 Re5 25. Nc2 Qc7 26. Qd4 d5 27. f4 Rxe4 28. Rxe4 dxe4 29. Ne3 {[#]} (29. Qd6 $5 {[%cal Rd6c7]} Qc8 30. Ne3 $11) 29... Bd5 $1 {[%mdl 512]} 30. Ke1 (30. Nxd5 exd5) 30... h5 31. Nxd5 exd5 32. Qxd5 $11 {[%mdl 4096] Endgame KQR-KQR} e3 33. Re2 Re8 34. Kf1 g6 35. Kg2 Qc8 36. f5 gxf5 37. Qf3 Qe6 38. Qxh5 Qe4+ 39. Kh2 Re6 40. Qg5+ {The position is equal.} Kh7 {[#] Hoping for ...Qf3.} 41. Qh5+ Kg7 42. Qg5+ Kf8 {...Qf3 is the strong threat.} 43. Qd8+ Re8 44. Qd6+ Kg8 {aiming for ...Qd3.} 45. Qf4 Qd3 46. Qg5+ Kf8 47. Qh6+ Kg8 48. Qg5+ {Precision: White = 61%, Black = 51%.} 1/2-1/2

[Event "Condigne Dutch Open 2018"]
[Site "Dieren"]
[Date "2018.08.02"]
[Round "9"]
[White "Hendriks, Willy"]
[Black "Pruijssers, Roeland"]
[Result "1/2-1/2"]
[WhiteElo "2417"]
[BlackElo "2501"]
[Annotator "TA"]
[PlyCount "82"]
[EventDate "2018.07.24"]
[EventType "swiss"]
[EventCountry "NED"]
[SourceTitle "playchess.com"]
[Source "ChessBase"]
[SourceQuality "1"]

{[%evp 19,82,-5,-4,-11,-7,-30,-21,-29,-28,-30,-18,-18,-18,-28,-19,-40,-10,-20,0,-39,44,-87,-65,-66,-50,-31,0,-135,-127,-134,-58,-53,-58,-58,-14,-14,-14,-14,-11,-12,0,-11,0,0,0,0,0,0,0,0,0,0,0,0,0,0,0,0,0,0,0,0,0,0,0]} 1. g3 f5 2. Bg2 Nf6 3. d3 e5 4. c4 g6 5. Nc3 Bg7 6. e3 O-O 7. Nge2 {A21: English Opening: 1...e5 2 Nc3} c6 (7... d6 8. O-O c6 9. f4 a5 10. Rb1 Be6 11. a3 Nbd7 12. b4 axb4 13. axb4 d5 14. cxd5 cxd5 15. Qd2 Bf7 16. Bb2 Re8 17. Rfe1 Qb6 18. d4 e4 19. b5 Bf8 {0-1 (37) Short,N (2678)-McShane,L (2640) Riadh 2017}) 8. O-O Na6 {[%cal Bb8a6,Ba6c7,Bc7e6][%mdl 32]} 9. Rb1 d5 10. cxd5 cxd5 {LiveBook: 3 Games} 11. d4 e4 12. Qb3 $146 ({Predecessor:} 12. Nf4 g5 13. Nfe2 Nc7 14. f3 Kh8 {0-1 (35) Hagege,G (2235)-Santo Roman,M (2465) France 1995}) 12... Nc7 13. Bd2 b6 14. a4 Ba6 15. Nb5 Qd7 {[%cal Rc7b5]} 16. Nec3 Ne6 17. Rfc1 g5 18. Rc2 f4 19. Rbc1 Rf7 (19... f3 $15 20. Bf1 Rfc8) 20. Nxd5 (20. exf4 $14 {stays ahead.} gxf4 21. Bxf4 (21. gxf4 Bxb5 22. Nxb5 a6 $11)) 20... Nxd5 $17 21. Bxe4 Bb7 {Hoping for ...fxe3.} 22. Rc6 $1 fxe3 (22... Nc5 $5 23. R1xc5 fxg3 24. hxg3 (24. Bxd5 {leads to mate.} gxf2+ 25. Kf1 Qh3+ 26. Bg2 Qxg2+ 27. Kxg2 f1=Q+ 28. Kg3 Qf3#) 24... bxc5 25. Qxd5 (25. Rd6 Qg4 $17) 25... Raf8 26. Qxd7 Rxd7 $17) 23. fxe3 (23. Bxe3 $11 Bxc6 24. Rxc6 $1 {[%mdl 512]} Nxe3 25. Rd6) 23... Bxc6 {[#]} 24. Rxc6 $1 {[%mdl 512] [#]} Raf8 ({Not} 24... Qxc6 25. Bxd5 Qd7 26. Bxe6 $16 (26. Bxa8 Rf6 $16)) ({Better is} 24... Nxd4 $1 $17 25. Nxd4 {[#]} Nxe3 $1 {[%mdl 512]}) 25. Qxd5 $15 Rf1+ 26. Kg2 {[#]} g4 $1 {[%csl Gf1][%cal Rf8f2][%mdl 512]} 27. Be1 $1 {The position is equal.} ({Avoid the trap} 27. Bxh7+ $2 Kh8 $19) 27... Qf7 {( -> ...Rg1+!)} 28. Qxe6 Qxe6 29. Rxe6 Rxe1 30. Bd3 Rd1 31. Bc4 $1 Rd2+ 32. Kg1 Rd1+ 33. Kg2 Rd2+ 34. Kg1 Kh8 35. Nd6 Rd1+ 36. Kg2 Rd2+ 37. Kg1 Rxb2 38. Re7 Rb1+ 39. Kg2 Rb2+ 40. Kg1 Rb1+ 41. Kg2 Rb2+ {Precision: White = 53%, Black = 41%.} 1/2-1/2

[Event "Condigne Dutch Open 2018"]
[Site "Dieren"]
[Date "2018.08.02"]
[Round "9"]
[White "Viani Antonio Dcunha"]
[Black "Anurag, Mhamal"]
[Result "0-1"]
[WhiteElo "2404"]
[BlackElo "2484"]
[Annotator "TA"]
[PlyCount "74"]
[EventDate "2018.07.24"]
[EventType "swiss"]
[EventCountry "NED"]
[SourceTitle "playchess.com"]
[Source "ChessBase"]
[SourceQuality "1"]

{[%evp 18,74,14,17,17,17,33,31,127,141,130,106,129,141,168,12,166,0,0,0,0,-8,-10,-12,-25,-14,-19,-25,-12,-30,-16,-16,0,0,0,-72,-72,-72,-71,-117,-120,-125,-111,-170,-170,-161,-161,-339,-340,-338,-335,-341,-341,-887,-861,-29984,-29985,-29984,-29986]} 1. e4 {Marin,M} e5 2. Nf3 Nc6 3. Bc4 Nf6 4. d3 Bc5 5. O-O O-O 6. Nbd2 d6 7. c3 a5 {C54: Giuoco Piano: 4 c3 Nf6, main lines with 5 d4 and 5 d3} 8. a4 Be6 9. Bxe6 fxe6 10. Nc4 {LiveBook: 5 Games} Qe8 11. Qb3 $146 ({Predecessor:} 11. Be3 Bxe3 12. Nxe3 b6 13. Re1 Rd8 14. Qe2 Qf7 15. Nd2 {1-0 (26) Anand,V (2770)-Giri,A (2782) Leuven 2016 CBM 173 [Marin,M]}) 11... Nh5 12. Be3 Nf4 {[#]} (12... Bxe3 $14 13. fxe3 b6) 13. Bxc5 $1 $16 dxc5 14. Qxb7 Rb8 15. Qxc7 Nxd3 16. Nd6 $2 ({Better is} 16. Rad1 $18 Rc8 17. Qb7) 16... Qh5 $1 $11 {[#] Threatens to win with ...Rxf3.} 17. Nf5 $2 (17. Qxc6 $18 Rxf3 18. Nc8 (18. gxf3 Nf4 $19)) 17... exf5 18. Qxc6 {Qd5+ is the strong threat.} Nf4 {And now ...fxe4 would win.} 19. exf5 ({Not} 19. Nxe5 $2 Rf6 $19) 19... e4 20. Qxe4 Qg4 {[%csl Gf4][%cal Rg4g2]} 21. Nd2 Rxb2 $40 {[%mdl 128] Black mounts an attack.} 22. Qf3 Qxf3 23. Nxf3 Ne2+ 24. Kh1 Nxc3 25. Ne5 Rxf5 26. Nc4 (26. f4 $11) 26... Rbxf2 $17 27. Rxf2 Rxf2 28. Nxa5 {[%mdl 4096] Endgame KRN-KRN} Rf4 29. Rc1 Rxa4 30. Nb3 (30. g3 $17) 30... c4 $19 {[%cal Bc5c4,Bc4c3][%mdl 32]} 31. Nd4 Na2 32. Rc2 $2 (32. Ra1 {was worth a try.}) 32... Nb4 {( -> ...Ra1+)} 33. Rc1 Nd3 34. Rf1 c3 35. Nf5 $2 (35. Nc2) 35... Re4 {White must now prevent ...c2.} 36. Nd6 Re1 37. Rxe1 Nxe1 {Precision: White = 35%, Black = 77%.} 0-1

[Event "Condigne Dutch Open 2018"]
[Site "Dieren"]
[Date "2018.08.02"]
[Round "9"]
[White "Schoppen, Casper"]
[Black "L'Ami, Erwin"]
[Result "0-1"]
[WhiteElo "2395"]
[BlackElo "2636"]
[Annotator "TA"]
[PlyCount "100"]
[EventDate "2018.07.24"]
[EventType "swiss"]
[EventCountry "NED"]
[SourceTitle "playchess.com"]
[Source "ChessBase"]
[SourceQuality "1"]

{[%evp 22,100,8,0,11,6,32,16,33,27,20,25,22,24,39,21,34,22,9,15,7,14,15,12,18,0,11,0,0,0,-6,-19,0,0,0,0,0,0,0,-63,-48,-59,-39,-76,-68,-132,-79,-116,-110,-108,-106,-142,-111,-143,-134,-127,-128,-100,-103,-179,-163,-177,-168,-226,-205,-283,-286,-347,-361,-373,-369,-631,-595,-6025,-5953,-7100,-12832,-6095,-5957,-29986,-29987]} 1. e4 e6 2. d4 d5 3. Nc3 Nf6 4. e5 Nfd7 5. f4 c5 6. Nf3 Nc6 7. Be3 a6 8. Qd2 b5 {[%cal Bb7b5,Bb5b4][%mdl 32]} 9. dxc5 Bxc5 10. Bd3 {C11: Französische Verteidigung} Qb6 11. Bf2 h6 12. O-O {LiveBook: 22 Partien. Die Stellung ist ausgeglichen.} Rb8 $146 ({Vorgänger:} 12... O-O 13. Rae1 Ra7 14. f5 Bxf2+ 15. Rxf2 d4 16. Ne4 exf5 17. Ng3 f6 {½-½ (56) Yu,Y (2749)-Vitiugov,N (2720) Khanty-Mansiysk 2017}) 13. a3 b4 14. Na4 Bxf2+ 15. Rxf2 Qa5 16. b3 Nc5 17. Nxc5 Qxc5 18. a4 Qc3 19. Re1 Qxd2 20. Rxd2 Ke7 21. Kf2 a5 22. Rc1 Bd7 23. Ke3 (23. h4 {looks sharper.} Nd8 24. c4 bxc3 25. Rxc3 Nc6 26. Bb5) 23... Rhc8 (23... g5 {keeps more tension.} 24. g3 Rhc8 25. Ba6 Rg8 26. Bb5 Na7) 24. Nd4 Nxd4 25. Kxd4 h5 26. g3 g6 27. Rf1 Rc3 28. h3 Rh8 29. Rdf2 Kd8 30. Ke3 (30. g4 $11) 30... Kc7 $15 31. Kd2 Kb6 32. Re1 Bc8 33. Re3 (33. Ref1 $15) 33... Bb7 (33... d4 $142 34. Re4 Rd8) 34. g4 hxg4 35. hxg4 {[#]} d4 $1 {[%cal Rd4e3]} 36. Re1 Rh3 37. f5 gxf5 38. gxf5 {[#]} Bd5 $1 {[%cal Rd5b3] Droht stark ...Lxb3!} 39. fxe6 fxe6 {Droht ...Lxb3! und aus.} 40. Bg6 {[#]} (40. Rb1 $17) 40... d3 $1 $36 {[%mdl 2560] Weiss steht unter starkem Druck.} 41. Bxd3 {[#]} (41. cxd3 Rxb3) 41... Bxb3 $1 {[%mdl 512]} 42. Ra1 (42. Ree2 $142) (42. cxb3 Rhxd3+) 42... Kc5 43. Re2 Bd5 44. Rg1 Ra3 45. Rg8 Rxa4 46. Rc8+ $2 (46. Re3 Rh2+ 47. Re2 Rxe2+ 48. Bxe2) 46... Kd4 47. Rd8 {[#]} Rxd3+ $1 {[%mdl 512]} 48. cxd3 Ra2+ 49. Ke1 b3 50. Rb8 Kxd3 {Precision: Weiß = 45%, Schwarz = 74%.} 0-1